<?xml version="1.0" encoding="UTF-8"?>
<record
    xmlns:xsi="http://www.w3.org/2001/XMLSchema-instance"
    xsi:schemaLocation="http://www.loc.gov/MARC21/slim http://www.loc.gov/standards/marcxml/schema/MARC21slim.xsd"
    xmlns="http://www.loc.gov/MARC21/slim">

  <leader>00837nam a2200157 a 4500</leader>
  <controlfield tag="005">20140414093843.0</controlfield>
  <controlfield tag="008">090615s19uu    xx            00    eng d</controlfield>
  <datafield tag="050" ind1=" " ind2=" ">
    <subfield code="a">DVD 791.43</subfield>
    <subfield code="b">POR 19__</subfield>
  </datafield>
  <datafield tag="100" ind1=" " ind2=" ">
    <subfield code="a">Strick, Joseph</subfield>
  </datafield>
  <datafield tag="245" ind1=" " ind2=" ">
    <subfield code="a">A Portrait of the artist as a young man /</subfield>
    <subfield code="c">Joseph Strick.</subfield>
  </datafield>
  <datafield tag="500" ind1=" " ind2=" ">
    <subfield code="a">Running time: 92 minutes</subfield>
  </datafield>
  <datafield tag="520" ind1=" " ind2=" ">
    <subfield code="a">In Dublin in 1900 Stephen Dedalus, the future genius James Joyce struggles through the erises of youth and sexuality. When frustrated by conventional women he turns to prostitutes and suffers the agonies of conscience furthered by his church. Then terrified by a priest's  sermon on the horrors of hell, he gives up promiscuity. He matures into a young man able to begin to find his place with his own ideals in the world.</subfield>
  </datafield>
  <datafield tag="650" ind1=" " ind2=" ">
    <subfield code="a">Motion pictures.</subfield>
  </datafield>
  <datafield tag="942" ind1=" " ind2=" ">
    <subfield code="c">AVM</subfield>
  </datafield>
  <datafield tag="999" ind1=" " ind2=" ">
    <subfield code="c">109450</subfield>
    <subfield code="d">109450</subfield>
  </datafield>
  <datafield tag="952" ind1=" " ind2=" ">
    <subfield code="0">0</subfield>
    <subfield code="1">0</subfield>
    <subfield code="4">0</subfield>
    <subfield code="5">0</subfield>
    <subfield code="a">LUX</subfield>
    <subfield code="b">LUX</subfield>
    <subfield code="c">AV</subfield>
    <subfield code="d">2009-06-15</subfield>
    <subfield code="e">I.B Fund</subfield>
    <subfield code="g">1043.68</subfield>
    <subfield code="l">0</subfield>
    <subfield code="o">DVD 791.43 POR 19__</subfield>
    <subfield code="p">AV1097</subfield>
    <subfield code="r">2014-04-14 00:00:00</subfield>
    <subfield code="w">2014-04-14</subfield>
    <subfield code="y">AVM</subfield>
  </datafield>
</record>
